000 00973nam a2200289 i 4500
003 DO-SdBNP
005 20251210101818.0
007 ta
008 210414e2017 dr ||||er|||| 00| p spa d
020 _a9789945088823
040 _aDO-SdBNP
_bspa
_cBNPHU
_erda
041 _hspa
082 4 _aRD861.44
_bC577p
_222
100 1 1 _aCiprián Ogando, Cornelio,
_d1959-
_eautor
_928839
_4aut.
245 1 0 _aPrincipios capitales /
_cCornelio Ciprián Ogando.
264 _aSanto Domingo :
_bEdiciones Etereas,
_bEditora Portorreal,
_c2017.
300 _a135 paginas ;
_c20 cm.
336 _atexto
_btxt
_2rdacontent
337 _asin mediación
_bn
_2rdamedia
338 _avolumen
_bnc
_2rdacarrier
500 _aIncluye datos biográficos del autor en la solapa de la contracubierta
590 _aInventariado, 2021/MFF
650 4 _aPoesía dominicana
_980583
650 4 _aLiteratura dominicana
_980584
910 _aMF/Validado. Control de calidad MFF
942 _2ddc
_cLBS1
999 _c49728
_d49728